UM Logo
Normal view MARC view
  • English language

Entry Topical Term

Number of records used in: 1

001 - CONTROL NUMBER

  • control field: 57198

003 - CONTROL NUMBER IDENTIFIER

  • control field: OSt

005 - DATE AND TIME OF LATEST TRANSACTION

  • control field: 20240521111515.0

008 - FIXED-LENGTH DATA ELEMENTS

  • fixed length control field: 240521|| aca||aabn | a|a d

040 ## - CATALOGING SOURCE

  • Original cataloging agency: OSt
  • Transcribing agency: OSt

150 ## - HEADING--TOPICAL TERM

  • Topical term or geographic name entry element: English language
  • Form subdivision: Dictionaries.

670 ## - SOURCE DATA FOUND

  • Source citation: Work cat.: (OSt)20289: Santos, Vito C. 57113, New Vicassan's English-Pilipino dictionary /, ©1995.